000 01176cam a22003497a 4500
003 CHAP
005 20220329134916.0
008 971013s1983 r 00010 d
010 _a27879
011 _a28851
035 _a32962
040 _cCHAP
090 _aFolleto 8725
100 0 0 _aKirkham, F. W.
_963352
245 1 4 _aThe potential of various herbicides for selective control of weed grasses and Stellaria media in newly sown ryegrass
_c/ clover leys and ryegrass seed crops
260 _aBegbroks Hill :
_bAgricultural Research Council,
_c1983
300 _a(s.p.)
490 0 _aTechnical report
_v; 70
590 _aBATCH-UPD
_b10
_c20130110
_lUCH01
_h0909
590 _aBATCH-UPD
_b10
_c20130410
_lUCH01
_h0535
590 _aBATCH-UPD
_b10
_c20130914
_lUCH01
_h1607
590 _aCONVERSION
_b10
_c20130109
_lUCH01
_h1316
650 1 4 _aHerbicidas.
_953691
650 1 4 _aLolium perenne.
_967505
650 1 4 _aMalas hierbas
_xControl.
_970011
650 1 4 _aStellaria media.
_9109632
650 1 4 _aTrébol blanco.
_9115252
830 0 _aTechnical report
_v; 70
_9111907
901 _aBK
942 _cFOLL
949 _aFolleto 8725
_bBC
_cFOLL
_d-76712
_eTS1
_i32962
_si
999 _c27879
_d27879